Harlan Ellison Bibliography - Statistics

General Stats
  • This quiz has been taken 15 times
  • The average score is 125 of 433
Answer Stats
Type Year Name % Correct
Short Story 1967 I Have No Mouth, and I Must Scream
100%
Short Story 1977 Jeffty Is Five
100%
Short Story 1965 'Repent, Harlequin!' Said the Ticktockman
100%
Short Story 1975 Shatterday
100%
Short Story Collection 1980 Shatterday
100%
Novelette 1973 The Deathbird
100%
Novelette 1967 The Prowler in the City at the Edge of the World
100%
Novella 1969 A Boy and His Dog
88%
Short Story 2018 Blood's a Rover
88%
Short Story Collection 1975 Deathbird Stories: A Pantheon of Modern Gods
88%
Essay Collection 1989 Harlan Ellison's Watching
88%
Short Story 2010 How Interesting: a Tiny Man
88%
Novelette 1967 Pretty Maggie Moneyeyes
88%
Novel 1961 Rockabilly
88%
Short Story 1976 Strange Wine
88%
Short Story Collection 1978 Strange Wine: Fifteen New Stories from the Nightside of the World
88%
Short Story 1993 Susan
88%
Short Story Collection 1987 The Essential Ellison: A 35-Year Retrospective
88%
Essay Collection 1970 The Glass Teat: Essays of Opinion on Television
88%
Essay Collection 1975 The Other Glass Teat
88%
Novelette 1974 Adrift Just Off the Islets of Langerhans: Latitude 38° 54' N, Longitude 77° 00' 13" W
75%
Short Story 1977 Alive and Well and on a Friendless Voyage
75%
Short Story 1962 All the Sounds of Fear
75%
Short Story Collection 1971 Alone Against Tomorrow: Stories of Alienation in Speculative Fiction
75%
Short Story 1969 Along the Scenic Route
75%
Short Story Collection 1988 Angry Candy
75%
Short Story Collection 1974 Approaching Oblivion: Road Signs on the Treadmill Toward Tomorrow
75%
Short Story 1994 Attack at Dawn
75%
Short Story 1973 Bleeding Stones
75%
Novelette 1970 Brillo
75%
Essay Collection 2011 bugf#ck: The Worthless Wit and Wisdom of Harlan Ellison
75%
Short Story Collection 2015 Can & Can'tankerous
75%
Short Story 1972 Corpse
75%
Short Story 1986 Demon with a Glass Hand
75%
Omnibus 1991 Dreams with Sharp Teeth
75%
Short Story 1977 Emissary from Hamelin
75%
Short Story 1971 Erotophobia
75%
Short Story 1987 Flintlock: An Unproduced Teleplay
75%
Short Story 1980 Footsteps
75%
Short Story 1976 From A to Z, in the Chocolate Alphabet
75%
Novelette 2001 From A to Z, in the Sarsaparilla Alphabet
75%
Short Story 1990 Harlan Ellison's Movie
75%
Short Story 1977 Hitler Painted Roses
75%
Short Story 1990 Jane Doe #112
75%
Short Story 1974 Knox
75%
Short Story 1976 Lonely Women Are the Vessels of Time
75%
Novella 1993 Mefisto in Onyx
75%
Memoir 1961 Memos from Purgatory
75%
Short Story 1964 Nackles
75%
Short Story Collection 1975 No Doors, No Windows
75%
Short Story 1970 One Life, Furnished in Early Poverty
75%
Short Story 1972 On the Downhill Side
75%
Short Story 1981 On the Slab
75%
Novelette 1985 Paladin of the Lost Hour
75%
Short Story Collection 1971 Partners in Wonder
75%
Short Story 1995 Pulling Hard Time
75%
Short Story 1994 Sensible City
75%
Short Story 1988 She's a Young Thing and Cannot Leave Her Mother
75%
Short Story Collection 1997 Slippage: Precariously Poised, Previously Uncollected Stories
75%
Short Story 1987 Soft Monkey
75%
Short Story Collection 1982 Stalking the Nightmare
75%
Short Story Collection 1968 The Beast That Shouted Love
75%
Short Story Collection 1969 The Beast that Shouted Love at the Heart of the World
75%
Essay Collection 1978 The Book of Ellison
75%
Short Story 1982 The Cheese Stands Alone
75%
Short Story 1977 The Diagnosis of Dr. D'arqueAngel
75%
Short Story 1991 The Man Who Rowed Christopher Columbus Ashore
75%
Short Story 1978 The Man Who Was Heavily into Revenge
75%
Short Story 1995 The Museum on Cyclops Avenue
75%
Novella 1968 The Resurgence of Miss Ankle-Strap Wedgie
75%
Short Story 1956 The Silver Corridor
75%
Short Story 1958 The Sky Is Burning
75%
Short Story 1968 !!!The!!Teddy!Crazy!!Show!!!
75%
Novelette 1961 The Tombs
75%
Short Story 1973 The Whimper of Whipped Dogs
75%
Short Story 1957 Tiny Ally
75%
Short Story 1975 Tired Old Man
75%
Short Story 1979 All the Birds Come Home to Roost
63%
Essay Collection 1985 An Edge in My Voice
63%
Novelette 1966 A Prayer for No One's Enemy
63%
Short Story Collection 1960 A Touch of Infinity
63%
Short Story 1961 At the Mountains of Blindness
63%
Short Story 1971 At the Mouse Circus
63%
Short Story 1964 Battle Without Banners
63%
Short Story 1957 Blank...
63%
Short Story 1995 Chatting with Anubis
63%
Short Story 1978 Count the Clock That Tells the Time
63%
Novelette 1989 Crazy as a Soup Sandwich
63%
Short Story 1975 Croatoan
63%
Novelette 1982 Djinn, No Chaser
63%
Short Story Collection 1962 Ellison Wonderland
63%
Short Story 1994 Ellison Wonderland
63%
Short Story 1968 Ernest and the Machine God
63%
Short Story 1960 Final Shtick
63%
Short Story Collection 1967 From the Land of Fear
63%
Short Story 1961 Gentleman Junkie
63%
Short Story 1956 Glowworm
63%
Novelette 1981 Grail
63%
Short Story 1975 In Fear of K
63%
Short Story 1959 In Lonely Lands
63%
Short Story 1957 Invasion
63%
Short Story 1956 Life Hutch
63%
Short Story Collection 1968 Love Ain't Nothing But Sex Misspelled
63%
Short Story 1995 Midnight in the Sunken Cathedral
63%
Short Story Collection 1994 Mind Fields: The Art of Jack Yerka, the Fiction of Harlan Ellison
63%
Short Story 1981 Night of Black Glass
63%
Short Story 1999 Objects of Desire in the Mirror Are Closer Than They Appear
63%
Short Story Collection 1970 Over the Edge: Stories from Somewhere Else
63%
Short Story 1964 Paingod
63%
Short Story Collection 1965 Paingod and Other Delusions
63%
Short Story 1962 Paulie Charmed the Sleeping Woman
63%
Short Story 1969 Phoenix
63%
Novelette 1966 Punky & the Yale Men
63%
Short Story 1969 Rock God
63%
Novelette 1990 Scartaris, June 28th
63%
Short Story 1968 Shattered Like a Glass Goblin
63%
Short Story 1976 The City on the Edge of Forever
63%
Short Story 1959 The Discarded
63%
Short Story 1960 The Face of Helene Bournouw
63%
Short Story Collection 1979 The Fantasies of Harlan Ellison
63%
Essay Collection 1990 The Harlan Ellison Hornbook
63%
Novelette 1975 The New York Review of Bird
63%
Short Story 1961 The Night of Delicate Terrors
63%
Short Story 1955 The Saga of Machine Gun Joe
63%
Short Story 1949 The Sword of Parmagon
63%
Short Story 1959 The Time of the Eye
63%
Short Story 1958 The Very Last Day of a Good Woman
63%
Short Story 1967 The Voice in the Garden
63%
Short Story 1985 With Virgil Oddum at the East Pole
63%
Novella 1980 All the Lies That Are My Life
50%
Short Story 1981 Broken Glass
50%
Short Story 1956 But Who Wilts the Lettuce?
50%
Short Story 1966 Delusion for a Dragon Slayer
50%
Short Story 1962 G. B. K. - A Many-Flavored Bird
50%
Short Story Collection 1961 Gentleman Junkie and Other Stories of the Hung-Up Generation
50%
Essay Collection 2014 Harlan Ellison's Endlessly Watching
50%
Short Story 1977 How's the Night Life on Cissalda?
50%
Novelette 1974 I'm Looking for Kadak
50%
Novelette 1968 I See a Man Sitting on a Chair, and the Chair Is Biting His Leg
50%
Short Story 1964 Lonelyache
50%
Short Story 1976 Mom
50%
Short Story 1958 My Brother Paulie
50%
Short Story 1964 Neither Your Jenny nor Mine
50%
Short Story 1982 Prince Myshkin, and Hold the Relish
50%
Novelette 1958 School for Assassins
50%
Short Story Collection 1959 Sex Gang
50%
Novella 1959 Sex Gang
50%
Novelette 1957 Soldier
50%
Short Story 1975 The Boulevard of Broken Dreams
50%
Writings Collection 1978 The Illustrated Harlan Ellison
50%
Short Story 1977 The Other Eye of Polyphemus
50%
Short Story 1982 The Outpost Undiscovered by Tourists
50%
Short Story 1957 The Savage Swarm
50%
Short Story Collection 2015 The Top of the Volcano: The Award-Winning Stories of Harlan Ellison
50%
Short Story Collection 2001 Troublemakers
50%
Short Story 1992 Where I Shall Dwell in the Next World
50%
Short Story 1977 Working with the Little People
50%
Short Story 1959 A Friend to Man
38%
Short Story 1958 Battlefield
38%
Short Story 1983 Chained to the Fast Lane in the Red Queen's Race
38%
Novel 1967 Doomsman
38%
Short Story 1979 Flop Sweat
38%
Short Story 1958 Free with This Box!
38%
Short Story 1959 Friend to Man
38%
Short Story 1979 In the Fourth Year of the War
38%
Short Story 1957 Invasion Footnote
38%
Short Story 1976 Killing Bernstein
38%
Short Story 1958 Matinee Idyll
38%
Short Story 1973 Neon
38%
Short Story 1969 Pennies, Off a Dead Man's Eyes
38%
Novel 1958 Rumble
38%
Novelette 1976 Seeing
38%
Essay Collection 1984 Sleepless Nights in the Procrustean Bed
38%
Short Story 1988 The Avenger of Death
38%
Short Story Collection 1958 The Deadly Streets
38%
Novelette 1988 The Function of Dream Sleep
38%
Short Story 1958 The Girl with the Horizontal Mind
38%
Short Story 1967 The Goddess in the Ice
38%
Short Story 1970 The Song the Zombie Sang
38%
Short Story Collection 2013 Web of the City
38%
Short Story 1994 Ammonite
25%
Short Story 1994 Amok Harvest
25%
Short Story 1958 Are You Listening?
25%
Short Story 1958 Back to the Drawing Boards
25%
Short Story 1961 Daniel White for the Greater Good
25%
Short Story 1977 Eggsucker
25%
Short Story 1957 Final Trophy
25%
Short Story 2014 He Who Grew Up Reading Sherlock Holmes
25%
Short Story 1956 !Nissassa
25%
Short Story 1968 O Ye of Little Faith
25%
Novel 1975 Phoenix Without Ashes
25%
Short Story 1987 The Few, the Proud
25%
Short Story 1969 The Kong Papers
25%
Short Story 1994 The Pale Silver Dollar of the Moon Pays Its Way and Makes Change
25%
Short Story 1958 The Situation on Sapella Six
25%
Short Story 1976 The Wine Has Been Left Open Too Long and the Memory Has Gone Flat
25%
Short Story 1968 Try a Dull Knife
25%
Short Story 1957 'We Mourn for Anyone...'
25%
Short Story 1967 Would You Do It for a Penny?
25%
Short Story 1993 Z Is for Zombie
25%
Novelette 2000 A Lot of Saucers
13%
Short Story 1958 Bayou Sex Cat
13%
Short Story 1958 Big Sam Was My Friend
13%
Short Story 1963 Blind Bird, Blind Bird, Go Away from Me!
13%
Short Story 1957 Bohemia for Christie
13%
Short Story 1957 Buy Me That Blade
13%
Short Story 1978 Django
13%
Short Story 1988 Eidolons
13%
Short Story 1956 Hadj
13%
Short Story 1976 I Curse the Lesson and Bless the Knowledge
13%
Writings Collection 1995 Jokes Without Punchlines
13%
Short Story 1976 L Is for Loup-Garou
13%
Short Story 1997 Moonlighting
13%
Short Story 1958 Nothing for My Noon Meal
13%
Short Story 1978 Opium
13%
Short Story 1957 Ormond Always Pays His Bills
13%
Novelette 1957 Run for the Stars
13%
Short Story 1977 Shoppe Keeper
13%
Short Story 1974 Sleeping Dogs
13%
Novella 1959 Sound of the Scythe
13%
Short Story 1957 S.R.O.
13%
Short Story 1958 The Children's Hour
13%
Novelette 1956 The Crackpots
13%
Short Story 1995 The Dragon on the Bookshelf
13%
Short Story 1978 The Executioner of the Malformed Children
13%
Short Story 1949 The Gloconda
13%
Novelette 1970 The Human Operators
13%
Short Story Collection 1961 The Juvies
13%
Short Story 1996 The Lingering Scent of Woodsmoke
13%
Short Story 1956 Tracking Level
13%
Novelette 1965 Up Christopher to Madness
13%
Novelette 1957 Wanted in Surgery
13%
Novelette 1964 World of the Myth
13%
Short Story Collection 2014 8 in 80
0%
Short Story 1957 A Bucketful of Diamonds
0%
Short Story 1994 Afternoon with the Bros. Grimm
0%
Novelette 1958 A Furnace for Your Foe
0%
Short Story Collection 2014 Again, Honorable Whoredom at a Penny a Word
0%
Short Story 1996 Anywhere But Here, with Anybody But You
0%
Short Story 1963 A Path Through the Darkness
0%
Novelette 1968 Asleep: With Still Hands
0%
Short Story 1957 Assassin!
0%
Short Story 1961 A Tiger at Nightfall
0%
Short Story 1994 Back to Nature
0%
Short Story 1994 Base
0%
Short Story 1972 Basilik
0%
Short Story 1994 Beneath the Dunes
0%
Short Story 1994 Between Heaven and Hell
0%
Novella 1957 Biddy and the Silver Man
0%
Short Story 1956 Blind Lightning
0%
Novelette 2015 Blonde Cargo
0%
Short Story 1958 Blood by Transit
0%
Short Story 1965 Bright Eyes
0%
Novelette 1974 Catman
0%
Novelette 1957 Children of Chaos
0%
Short Story 1973 Cold Friend
0%
Short Story 1969 Come to Me Not in Winter's White
0%
Short Story 1957 Commuter's Problem
0%
Short Story 1958 Cosmic Striptease
0%
Short Story 1958 Creature from Space
0%
Short Story 1957 Damn the Metal Moon
0%
Short Story 1994 Darkness Falls on the River
0%
Short Story 1991 Darkness Upon the Face of the Deep
0%
Short Story 1960 Deal from the Bottom
0%
Novelette 1957 Deeper Than the Darkness
0%
Short Story 1961 Do-It-Yourself
0%
Short Story 1967 Down in the Dark
0%
Short Story 1969 Dunderbird
0%
Short Story 1974 Ecowareness
0%
Short Story 1975 Eddie, You're My Friend
0%
Short Story 1961 Enter the Fanatic, Stage Center
0%
Short Story 1993 Eruption
0%
Short Story 1983 Escapegoat
0%
Short Story 1957 Escape Route
0%
Short Story 1994 Europe
0%
Short Story 1994 Express Delivery
0%
Short Story 1959 Eyes of Dust
0%
Short Story 1957 Farewell to Glory
0%
Short Story 1994 Fever
0%
Short Story 1994 Foraging in the Field
0%
Novella 1957 Forbidden Cargo
0%
Short Story 1996 From a Great Height
0%
Short Story 2018 From the History of the World As Blood Tells It
0%
Short Story 1957 Gang Girl
0%
Short Story Collection 2013 Getting in the Wind
0%
Short Story 1956 Girl with the Bedroom Eyes
0%
Short Story 1958 Glug
0%
Short Story 1956 Gnomebody
0%
Short Story 2003 Goodbye to All That
0%
Short Story 1996 Go Toward the Light
0%
Short Story 1959 Have Coolth
0%
Short Story 1961 High Dice
0%
Short Story 1973 Hindsight: 480 Seconds
0%
Short Story Collection 2013 Honorable Whoredom at a Penny a Word
0%
Short Story 1957 If This Be Utopia
0%
Short Story 1956 I'll Bet You a Death
0%
Short Story 2001 Incognita, Inc.
0%
Short Story 1994 Internal Inspection
0%
Short Story 1994 In the Oligocenskie Gardens
0%
Novelette 1957 Invulnerable
0%
Short Story 1956 Johnny Slice's Stoolie
0%
Short Story 1958 Joy Ride
0%
Short Story 1995 Keyboard
0%
Short Story 1957 Kid Killer
0%
Short Story 1972 Kiss of Fire
0%
Short Story 1961 Lady Bug, Lady Bug
0%
Short Story 1984 Laugh Track
0%
Short Story 1957 Look Me in the Eye, Boy!
0%
Short Story 2004 Loose Cannon, or Rubber Duckies from Space
0%
Short Story 1956 Made in Heaven
0%
Short Story 1957 March of the Yellow Death
0%
Short Story 1958 Mealtime
0%
Short Story 1960 Memory of a Muted Trumpet
0%
Short Story 1994 Metropolis II
0%
Novelette 1957 Mission: Hypnosis
0%
Short Story 1962 Mona at Her Windows
0%
Short Story 1957 Nedra at f:5.6
0%
Short Story 2001 Never Send to Know for Whom the Lettuce Wilts
0%
Short Story 1955 Night Vigil
0%
Short Story 1956 No Fourth Commandment
0%
Short Story 1959 No Game for Children
0%
Short Story 1958 No Planet Is Safe
0%
Short Story 1957 No Way Out
0%
Short Story 1957 Opposites Attract
0%
Short Story 1994 Paradise
0%
Short Story 1993 Pet
0%
Short Story 1956 Peter Merton's Private Mint
0%
Short Story 1957 Phoenix Treatment
0%
Short Story 1994 Please Don't Slam the Door
0%
Short Story 1957 Pot-Luck Genii
0%
Short Story 1966 Pride in the Profession
0%
Short Story 1969 Promises of Laughter
0%
Short Story 1956 Psycho at Mid-Point
0%
Short Story Collection 2012 Pulling a Train
0%
Short Story 1985 Quicktime
0%
Short Story 1956 Rain, Rain, Go Away
0%
Short Story 1956 Rat Hater
0%
Short Story 1957 Revolt of the Shadows
0%
Short Story 1957 RFD #2
0%
Short Story 1961 Riding the Dark Train Out
0%
Short Story 1962 Rodney Parish for Hire
0%
Short Story Collection 2012 Rough Beasts
0%
Short Story 1970 Runesmith
0%
Short Story 1980 Run, Spot, Run
0%
Short Story 1959 Sally in Our Alley
0%
Novelette 1969 Santa Claus vs. S. P. I. D. E. R.
0%
Novelette 1957 Satan Is My Ally
0%
Short Story 1957 School for Killers
0%
Short Story 1957 Shadow Play
0%
Short Story 1994 Shed of Rebellion
0%
Short Story 1957 Ship-Shape Pay-Off
0%
Short Story 1971 Silent in Gehenna
0%
Short Story 1957 Sin Time
0%
Short Story 1957 Sob Story
0%
Short Story 1960 Someone Is Hungrier
0%
Short Story 1957 Song of Death
0%
Short Story 1956 Stand Still and Duel
0%
Short Story 1958 Status Quo at Troyden's
0%
Short Story 1969 Street Scene
0%
Short Story 1956 Students of the Assassin
0%
Short Story 1982 Stuffing
0%
Novelette 1958 Suicide World
0%
Short Story 1959 Survivor No. 1
0%
Short Story 1994 The Agitators
0%
Short Story 1953 The Annals of Aardvark
0%
Novella 1958 The Assassin
0%
Short Story Collection 2020 The Beast That Shouted Love at the Heart of the World and Other Works
0%
Short Story 1957 The Big Trance
0%
Novelette 1957 The Cave of Miracles
0%
Short Story 1994 The Cosmic Barnyard
0%
Short Story 1994 The Creation of Water
0%
Short Story 1957 The Dead Shot
0%
Short Story 1997 The Dreams a Nightmare Dreams
0%
Short Story 1958 The End of the Time of Leinard
0%
Short Story 1958 The Forces That Crush
0%
Short Story 1957 The Glass Brain
0%
Short Story 1968 The Hippie-Slayer
0%
Novelette 1982 The Hour That Stretches
0%
Short Story 1994 The Inquisition
0%
Short Story 1959 The Lady Had Zilch
0%
Short Story 1961 The Late, Great Arnie Draper
0%
Short Story 1954 The Little Boy Who Loved Cats
0%
Short Story 1957 The Lustful One
0%
Short Story 1963 The Man on the Juice Wagon
0%
Novel 1960 The Man with Nine Lives
0%
Short Story 1961 The Man with the Golden Tongue
0%
Novelette 1957 The Moon Stealers
0%
Short Story 1957 The Music Man
0%
Short Story 1994 Theory of Tension
0%
Short Story 1959 The Pied Piper of Sex
0%
Short Story 1968 The Pitll Pawob Division
0%
Short Story 1969 The Place with No Name
0%
Novelette 1957 The Plague Bearers
0%
Short Story 1968 The Power of the Nail
0%
Short Story 1988 The Reeleee Big Shewww
0%
Novella 1970 The Region Between
0%
Short Story 1959 There's One on Every Campus
0%
Short Story 1956 The Rough Boys
0%
Short Story 1994 The Silence
0%
Short Story 1957 The Silence of Infidelity
0%
Novelette 1957 The Steel Napoleon
0%
Novelette 2000 The Toad Prince, or Sex Queen of the Martian Pleasure-Domes
0%
Short Story 1957 The Ugly Virgin
0%
Short Story 1957 The Untouchable Adolescents
0%
Novelette 1958 The Vengeance of Galaxy 5
0%
Novelette 1957 The Wife Factory
0%
Short Story 1955 The Wilder One
0%
Short Story 1957 The Wind Beyond the Mountains
0%
Short Story 1958 Thicker Than Blood
0%
Short Story 1959 This Is Jackie Spinning
0%
Short Story 1994 To Each His Own
0%
Short Story 1957 Toe the Line
0%
Short Story 1994 Traffic Prohibited
0%
Short Story 1956 Trojan Hearse
0%
Short Story 1994 Truancy at the Pond
0%
Short Story 1961 Turnpike
0%
Short Story 1994 Twilight in the Cupboard
0%
Short Story 1965 Two Inches in Tomorrow's Column
0%
Short Story 1994 Under the Landscape
0%
Short Story 1979 Unwinding
0%
Short Story 1959 Visionary
0%
Short Story 1964 Walk the High Steel
0%
Short Story 1959 Wanted: Two Trollops
0%
Short Story 2012 Weariness
0%
Short Story 1957 We Take Care of Our Dead
0%
Short Story 1964 What I Did on My Vacation This Summer by Little Bobby Hirschhorn, Age 27
0%
Short Story 1982 When Auld's Acquaintance Is Forgot
0%
Short Story 1968 White on White
0%
Short Story 1956 White Trash Don't Exist
0%
Novelette 1958 With a Knife in Her Hand
0%
Short Story 1957 Wonderbird
0%
Novelette 1957 World of Women
0%
Novelette 1968 Worlds to Kill
0%
No matching quizzes found
Score Distribution
Percent of People with Each Score
Percentile by Number Answered
Your Score History
You have not taken this quiz